banner-ar

العلاقات العربية الهندية / (Record no. 59913)

MARC details
000 -الفاتح
حقل البيانات ثابتة الطول 01202nam a22002897a 4500
005 - وقت وتاريخ اخر تعامل مع التسجيلة
رقم الضبط 20240530110343.0
008 - عناصر البيانات ثابتة الطول - معلومات عامة
حقل البيانات ثابتة الطول 141120s2008 ua gr 000 0bara d
017 ## - رقم الايداع القانونى
رقم الايداع القانونى 13564/2008
المصدر مصر . دار الكتب المصرية
020 ## - الرقم الدولى المعيارى للكتب
الرقم الدولى المعيارى للكتاب 9774377966
040 ## - مصدر الفهرسة
وكالة الفهرسة الأصلية EG-CaGPL
082 04 - رقم تصنيف ديوى العشرى
رقم الطبعة 21
رقم التصنيف 954.022\
رقم المادة س ع
100 0# - المدخل الرئيسى - إسم شخصى
الإسم الشخصى سيد سليمان الندوى
245 1# - بيان العنوان
العنوان العلاقات العربية الهندية /
بيان المسئوليه,etc تاليف سيد سليمان الندوى ؛ ترجمة وتقديم احمد محمد عبدالرحمن
250 ## - بيان الطبعة
بيان الطبعة ط1
260 ## - PUBLICATION, DISTRIBUTION, ETC. (IMPRINT)
تاريخ النشر أو التوزيع س ع
300 ## - الوصف المادى
التعداد 301 ص ؛
أبعاد الوعاء 24 سم
650 04 - المدخل الاضافى بالموضوع-مصطلح موضوعى
مصطلح موضوعي الرحالة العرب
650 04 - المدخل الاضافى بالموضوع-مصطلح موضوعى
مصطلح موضوعي المؤرخون العرب
651 04 - المدخل الاضافى بالموضوع - اسم جغرافى
الاسم الجغرافي الهند
التقسيم الفرعي العام وصف ورحلات
651 04 - المدخل الاضافى بالموضوع - اسم جغرافى
الاسم الجغرافي الهند
التقسيم الفرعي العام وصف ورحلات
-- علاقات تجارية
651 04 - المدخل الاضافى بالموضوع - اسم جغرافى
الاسم الجغرافي الهند
التقسيم الفرعي العام تاريخ
-- انتشار الاسلام
651 04 - المدخل الاضافى بالموضوع - اسم جغرافى
الاسم الجغرافي الهند
التقسيم الفرعي العام وصف ورحلات
-- علاقات دينية
651 04 - المدخل الاضافى بالموضوع - اسم جغرافى
الاسم الجغرافي العالم العربى
التقسيم الفرعي العام العلاقات الخارجية
التقسيم الفرعي الجغرافي الهند
700 0# - المدخل الاضافى - اسم شخصى
الإسم الشخصى احمد محمد عبدالرحمن
الدور مترجم ومقدم
942 ## - عناصر المدخل الإضافي( كوها)
مصدر التصنيف او مخطط الترفيف Dewey Decimal Classification
Koha [default] item type كتاب
260 ## - PUBLICATION, DISTRIBUTION, ETC. (IMPRINT)
-- 21
-- 954.022\
Holdings
حالة التراجع حالة الفقد حالة تلف ليس للاعارة المكان المؤقت الموقع الحالى تاريخ الاكتساب اجمالي اﻻعارات رقم الطلب الباركود تاريخ اخر مشاهدة تاريخ تفعيل السعر نوع وعاء كوها
        مكتبة القاهرة الكبرى مكتبة القاهرة الكبرى 11/20/2014   954.022\ س ع 158874 11/20/2014 11/20/2014 كتاب

Powered By

EGPV